বঙ্গীয় মুসলমান সাহিত্য পত্রিকা : (Record no. 170822)
[ view plain ]
| 000 -LEADER | |
|---|---|
| fixed length control field | 00830nam a22001937a 4500 |
| 003 - CONTROL NUMBER IDENTIFIER | |
| control field | BD-DhUL |
| 005 - DATE AND TIME OF LATEST TRANSACTION | |
| control field | 20170402114916.0 |
| 008 - FIXED-LENGTH DATA ELEMENTS--GENERAL INFORMATION | |
| fixed length control field | 160117s1921 ii ||||| |||| 00| 0 ben |
| 040 ## - CATALOGING SOURCE | |
| Original cataloging agency | BD-DhUL |
| Transcribing agency | BD-DhUL |
| 082 ## - DEWEY DECIMAL CLASSIFICATION NUMBER | |
| Classification number | 059.9144 |
| Item number | BAN |
| 245 ## - TITLE STATEMENT | |
| Title | বঙ্গীয় মুসলমান সাহিত্য পত্রিকা : |
| Remainder of title | ৪র্থ বর্ষ, ১৩২৮ / |
| 260 ## - PUBLICATION, DISTRIBUTION, ETC. (IMPRINT) | |
| Place of publication, distribution, etc. | কলকাতা : |
| Name of publisher, distributor, etc. | মিত্র ও ঘোষ; |
| Date of publication, distribution, etc. | 1921. |
| 300 ## - PHYSICAL DESCRIPTION | |
| Extent | ৩৩০ পৃ. : |
| Other physical details | চিত্র ; |
| Dimensions | ২১ সেমি. |
| 504 ## - BIBLIOGRAPHY, ETC. NOTE | |
| Bibliography, etc | গ্রন্থপঞ্জিগত তথ্য ও র্নিঘণ্ট সংবলিত । |
| 650 #0 - SUBJECT ADDED ENTRY--TOPICAL TERM | |
| Topical term or geographic name as entry element | বাংলা সাহিত্য |
| 650 #0 - SUBJECT ADDED ENTRY--TOPICAL TERM | |
| Topical term or geographic name as entry element | Bangla Literature |
| 700 ## - ADDED ENTRY--PERSONAL NAME | |
| Personal name | মোহাম্মদ শহিদুল্লাহ |
| 942 ## - ADDED ENTRY ELEMENTS (KOHA) | |
| Source of classification or shelving scheme | |
| Koha item type | Reference |
| Price effective from | Date last seen | Permanent Location | Not for loan | Date acquired | Source of classification or shelving scheme | Koha item type | Lost status | Withdrawn status | Copy number | Source of acquisition | Collection code | Damaged status | Shelving location | Barcode | Current Location | Full call number |
|---|---|---|---|---|---|---|---|---|---|---|---|---|---|---|---|---|
| 2017-04-02 | 2017-04-02 | Dhaka University Library | Not For Loan | 2017-04-02 | Reference | 2 | Gift | Reference | Rare Collection | X387 | Dhaka University Library | 059.9144 BAN | ||||
| 2017-04-02 | 2017-04-02 | Dhaka University Library | Not For Loan | 2017-04-02 | Reference | 1 | Gift | Reference | Rare Collection | X386 | Dhaka University Library | 059.9144 BAN |
